Modeling, performance analysis and control of robot manipulators

שמור ב:
מידע ביבליוגרפי
פורמט: Sách
שפה:Undetermined
יצא לאור:  ISTE  2007
נושאים:
תגים: הוספת תג
אין תגיות, היה/י הראשונ/ה לתייג את הרשומה!
Thư viện lưu trữ: Trung tâm Thư viện - Trường Đại học Công nghiệp TP. Hồ Chí Minh
LEADER 00483nam a2200133Ia 4500
001 UIH_04005
008 231011s9999 xx 000 0 und d
082 |a  629.8933 
245 0 |a  Modeling, performance analysis and control of robot manipulators 
260 |b  ISTE 
260 |c  2007 
650 |a  Robot; Tay máy (Cơ chế); Robotics; Manipulators (Mechanism);  
927 |a Sách 
980 |a Trung tâm Thư viện - Trường Đại học Công nghiệp TP. Hồ Chí Minh